Check your English (Запис номер 36320)
[ съкратено ]
| 000 -Лидер | |
|---|---|
| Контролно поле с фиксирана дължина | 01291nam a2200349 c 4500 |
| 003 - Код на организацията, давaща контролен номер | |
| Контролно поле | BLK |
| 005 - Дата и час на последна редакция | |
| Контролно поле | 20180420220915.0 |
| 008 - Елементи от данни с фиксирана дължина | |
| fixed length control field | 180408b bul|||||r ||||||| ||bul|| |
| 010 ## - Наследен системен номер | |
| LC control number | KNG00039227000 |
| 020 ## - Международен стандартен номер на книга ISBN | |
| Международен стандартен номер на книга ISBN | 0-333-49229-3 |
| -- | издат.: Macmillan - на том |
| 040 ## - Източник на каталожния запис | |
| Идентификатор на билиотеката - собственик на записа | BLK |
| 041 ## - Код за език | |
| Код за езика на текст/звукозапис или на отделно заглавие | Английски |
| Код за езика КДБФ | Английски |
| 080 ## - УДК | |
| Текстов определител УДК | Английски език |
| УДК код - определител по УДК | 811.111 |
| УДК определител | -5(075.4) |
| УДК - код + определител | 811.111-5(075.4) |
| 139 ## - Редно поле | |
| Редна дума | Check your English |
| Авторски знак | Che - C 51 |
| 245 10 - Сведения за заглавието | |
| Заглавие | Check your English |
| Подзаглавни данни | A Four-Skills Grammar Practice Book : Vol. 1-2 |
| Редно поле (дума) | авт. на том Jon Blundell; съавт. на том Richard MacAndrew. |
| Том | Vol 2 |
| Заглавие на том | Student's Book |
| 257 ## - Страна на издаване | |
| Страна на създаване/издаване | Великобритания |
| 260 ## - Област на издателските данни | |
| -- | London |
| Година на издаване | 1990 - 1994 |
| 300 ## - Физическа характеристика | |
| Размери/Мащаб | 28 cm |
| 380 ## - Жанр | |
| Жанр | Езикознание. Филология |
| 650 #4 - Допълнително описание по предмет – тема | |
| Основно описание – тема или топоним | Английски език - граматика - учебни помагала |
| 9 (RLIN) | 242588 |
| 653 ## - Ключова дума – ненормативна | |
| Ключова дума | английски език |
| 653 ## - Ключова дума – ненормативна | |
| Ключова дума | граматика |
| 653 ## - Ключова дума – ненормативна | |
| Ключова дума | учебни помагала |
| 700 1# - Други автори (авторска отговорност) | |
| Лично име | Blundell, Jon |
| Автороска отговорност (Описва отношението между автора и произведението) | авт. на том |
| 9 (RLIN) | 5448 |
| 700 1# - Други автори (авторска отговорност) | |
| Лично име | MacAndrew, Richard |
| Автороска отговорност (Описва отношението между автора и произведението) | съавт. на том |
| 9 (RLIN) | 17443 |
| 760 1# - Описание на основната серия | |
| -- | - на том |
| Място на издаване, издател и година | Macmillan, 1990 |
| Страници - том | 165 c |
| Заглавие | Vol 2 Student's Book |
| 852 ## - Местоположение | |
| Форматна сигнатура | Цб ІІ 8520 |
| 856 4# - Електронен адрес и достъп | |
| Електронен формат | pdf - файл |
| Път до файла /url/ | |
| 856 4# - Електронен адрес и достъп | |
| Електронен формат | pdf - файл |
| Път до файла /url/ | |
| 942 ## - АРТИКУЛИ | |
| Вид на библиотечния материал | Книги |
| Скрит в OPAC | Не |
| 944 ## - СЪЗДАВАНЕ И РЕДАКЦИЯ на ЗАПИСА | |
| Създаване/Редакция | Създаване |
| Дата на регистрацията/редакция | 28.05.2003 |
| Служител, извършил регистрацията/редакцията | AB_DOS |
| 944 ## - СЪЗДАВАНЕ И РЕДАКЦИЯ на ЗАПИСА | |
| Създаване/Редакция | Редакция |
| Дата на регистрацията/редакция | 18.03.2015 |
| Служител, извършил регистрацията/редакцията | Теодора_Стоянова |
| 999 ## - СИСТЕМНИ КОНТРОЛНИ НОМЕРА | |
| Koha biblionumber | 36320 |
| Koha biblioitemnumber | 36320 |
| Код за отписване | Код за изгубен артикул | Код за повреда | Коз за рестрикции | Код за отдаване | Артикулен № | Име на библиотеката - собственик | Име на библиотеката, в която се намира в момента | Статус (Текущо местоположение) | Дата на вписване в системата | Местоположение - отдел | Цена в лева | Инвентарен номер | Систематично азбучна сигнатура | Баркод | Номер на екземпляра | Цена в евро | Служебна бележка | Служебен тип на артикула |
|---|---|---|---|---|---|---|---|---|---|---|---|---|---|---|---|---|---|---|
| Не е изгубен | Не е повреден | без рестрикции | заемане за дома | 57251 | Регионална библиотека "Любен Каравелов" Русе | Регионална библиотека "Любен Каравелов" Русе | ЧЧЗО - англ. ез. - Британски съвет | 1992-01-01 | ЧЧЗО - англ. ез. - Британски съвет | 0.00 | 620453 | Ч3 802.0-5/C 51 | 620453 | 1 | 0.00 | Дост: DA Вид: Сф N: стар фонд Дата: 01.01.1992 Дата инв: 19.03.2015 Бележки инв: Ч32015 | Книги |